000 004680000a22001930004500
001 004000
003 MACL
005 20151206131757.0
008 151206b xxu||||| |||| 00| 0 eng d
040 _aMACL
_cMACL
041 _aEnglish
082 _a742
100 _aParamasivan, Jaya
_95693
245 _aAlamelu's Appetite
_cJaya Paramasivan
260 _aNational Book Trust,
_c2000
350 _a14
650 _aChildren's Book
_919539
942 _k742
_cBK
_2ddc
999 _c15893
_d15893